000 01188nam a2200337 a 4500
001 000109327
003 CHAP
005 20220329144046.0
008 140421s2013 mx sm |||||||spa d
010 _a105789
011 _a106761
040 _cCHAP
090 _aTesis
100 1 _aSolis Serrato, Amanda
_9126481
245 1 0 _aActividad de la polifenol oxidasa en líneas endogámicas recombinantes de frijol (Phaseolus vulgaris L.)
_h[En línea]
_cpor Amanda Solis Serrato.
260 _aChapingo, Méx. :
_bEl autor,
_c2013.
500 _aPara ver el contenido del material haga clic en la liga
502 _aTesis (Ing. Agroindustrial ) -- UACH. Departamento de Ingeniería Agroindustrial
590 _aBATCH-UPD
_b05
_c20141002
_lUCH01
_h0901
590 _aE11695DGD
_b10
_c20141006
_lUCH01
_h1318
590 _aE6096MTM
_b05
_c20140421
_lUCH01
_h1400
650 1 4 _aEndogamia.
_936873
650 1 4 _aEnzimas.
_937195
650 1 4 _aFrijol
_xCalidad.
_943340
650 1 4 _aFrijol
_xMejoramiento.
_943404
650 1 4 _aFrijol
_xVariedades.
_943446
856 _aFinding aid
_uhttp://10.13.5.2/tesis/sist109327.pdf
_zTeclea aquí
901 _aBK
942 _cTESIS
942 _n0
999 _c105789
_d105789